[Event "POL-chT 1st League"]
[Site "Sypniewo"]
[Date "2022.09.05"]
[Round "3.7"]
[White "Licznerski, Lukasz"]
[Black "Lobejko, Rafal"]
[Result "1-0"]
[WhiteElo "2447"]
[BlackElo "2305"]
[PlyCount "63"]
[EventDate "2022.09.03"]
[EventType "team-swiss"]
[EventRounds "9"]
[EventCountry "POL"]
[SourceTitle "CBM 210 Extra"]
[Source "ChessBase"]
[SourceDate "2022.11.30"]
[SourceVersion "1"]
[SourceVersionDate "2022.11.30"]
[SourceQuality "1"]
[WhiteTeam "Stara Wies Parnas"]
[BlackTeam "Lublin LKSz"]
[WhiteTeamCountry "POL"]
[BlackTeamCountry "POL"]

1. e4 g6 2. d4 Bg7 3. Nc3 c6 4. Nf3 d6 5. Bc4 Nf6 6. Bb3 0-0 7. 0-0 Qc7 8. e5 dxe5 9. Nxe5 Nbd7 10. Re1 Nb6 11. Bf4 Qd8 12. Qd2 Nbd5 13. Bh6 Bf5 14. Ne2 Ne4 15. Qc1 Qb6 16. Bxg7 Kxg7 17. Nc4 Qc7 18. Ne3 Nxe3 19. Qxe3 Nd6 20. Ng3 e6 21. h4 Ne8 22. h5 h6 23. c4 Nf6 24. d5 exd5 25. Nxf5+ gxf5 26. cxd5 cxd5 27. Qf3 f4 28. Bxd5 Rad8 29. Rac1 Qb6 30. Bb3 Qb4 31. Re2 Rfe8 32. Rc7 1-0

[Event "POL-chT 2nd League"]
[Site "Sypniewo"]
[Date "2021.09.05"]
[Round "2.2"]
[White "Lobejko, Rafal"]
[Black "Krzywda, Andrzej"]
[Result "1/2-1/2"]
[WhiteElo "2312"]
[BlackElo "2076"]
[PlyCount "125"]
[EventDate "2021.09.04"]
[EventType "team-swiss"]
[EventRounds "9"]
[EventCountry "POL"]
[SourceTitle "CBM 204 Extra"]
[Source "ChessBase"]
[SourceDate "2021.11.30"]
[SourceVersion "1"]
[SourceVersionDate "2021.11.30"]
[SourceQuality "1"]
[WhiteTeam "Lublin Drakon SKOK Chmielewskiego"]
[BlackTeam "Chroscice Victoria"]
[WhiteTeamCountry "POL"]
[BlackTeamCountry "POL"]

1. Nf3 c5 2. g3 Nc6 3. Bg2 g6 4. d4 cxd4 5. Nxd4 Bg7 6. Nxc6 bxc6 7. 0-0 Qb6 8. Nd2 h5 9. Nf3 Nh6 10. c3 Rb8 11. Qc2 Ba6 12. Be3 Qc7 13. Rad1 d6 14. Nd4 Bb7 15. b4 0-0 16. Nb3 Ba8 17. Bd4 e5 18. Be3 Nf5 19. Bg5 Rfe8 20. e4 Ne7 21. Be3 Rbd8 22. Qe2 Nc8 23. Rd2 Nb6 24. Rfd1 Bb7 25. Na5 Bc8 26. c4 Bg4 27. Bf3 Be6 28. Rc2 Nd7 29. Bg5 Rb8 30. a3 Bf8 31. Bd2 Rec8 32. Be1 Be7 33. Qe3 Nf8 34. Be2 Bd7 35. f4 Ne6 36. f5 Bg5 37. Qf2 Nd4 38. Rxd4 exd4 39. Qxd4 c5 40. Qd3 Ba4 41. Ra2 Bf6 42. fxg6 Bd4+ 43. Kg2 fxg6 44. b5 Qf7 45. Bf3 Bxb5 46. e5 Bd7 47. exd6 Re8 48. Bf2 Bf5 49. Qd2 Bh3+ 50. Kxh3 Qxf3 51. Bxd4 Qf1+ 52. Qg2 Qf5+ 53. g4 Qd3+ 54. Kh4 Qxd4 55. Qd5+ Qxd5 56. cxd5 Rbd8 57. Rc2 Rxd6 58. Rxc5 Re4 59. h3 Rd4 60. Nc6 Ra4 61. Ne5 hxg4 62. hxg4 Re4 63. Nc4 1/2-1/2

[Event "POL-chT 1st League"]
[Site "Poronin"]
[Date "2017.09.10"]
[Round "9.3"]
[White "Bronowicki, Mateusz"]
[Black "Lobejko, Rafal"]
[Result "1/2-1/2"]
[WhiteElo "2277"]
[BlackElo "2313"]
[PlyCount "61"]
[EventDate "2017.09.02"]
[EventType "team-tourn"]
[EventRounds "9"]
[EventCountry "POL"]
[SourceTitle "CBM 180 Extra"]
[Source "ChessBase"]
[SourceDate "2017.10.06"]
[SourceVersion "1"]
[SourceVersionDate "2017.10.06"]
[SourceQuality "1"]
[WhiteTeam "Wisznia Mala Bialy Krol"]
[BlackTeam "Lublin Drakon"]
[WhiteTeamCountry "POL"]
[BlackTeamCountry "POL"]

1. d4 Nf6 2. c4 e6 3. Nf3 b6 4. g3 Bb7 5. Bg2 c5 6. 0-0 cxd4 7. Nxd4 Bxg2 8. Kxg2 Be7 9. Nb5 0-0 10. Bf4 Ne8 11. Qa4 Nc6 12. Rd1 a6 13. Nd4 Nxd4 14. Rxd4 Ra7 15. Nc3 Nf6 16. Rad1 Qa8+ 17. Kg1 b5 18. cxb5 axb5 19. Qxb5 Ra5 20. Ra4 Rxb5 21. Rxa8 Rxa8 22. Nxb5 Rxa2 23. Rb1 Nd5 24. Bd2 Ra8 25. e4 Nb4 26. Be3 Rb8 27. Nc3 Bf6 28. Rd1 d5 29. exd5 Nxd5 30. Nxd5 exd5 31. Rxd5 1/2-1/2

[Event "POL-chT 1st League"]
[Site "Poronin"]
[Date "2017.09.08"]
[Round "7.2"]
[White "Orzech, Dominik"]
[Black "Lobejko, Rafal"]
[Result "1/2-1/2"]
[WhiteElo "2380"]
[BlackElo "2313"]
[PlyCount "61"]
[EventDate "2017.09.02"]
[EventType "team-tourn"]
[EventRounds "9"]
[EventCountry "POL"]
[SourceTitle "CBM 180 Extra"]
[Source "ChessBase"]
[SourceDate "2017.10.06"]
[SourceVersion "1"]
[SourceVersionDate "2017.10.06"]
[SourceQuality "1"]
[WhiteTeam "Lodz Okucia Budowlane"]
[BlackTeam "Lublin Drakon"]
[WhiteTeamCountry "POL"]
[BlackTeamCountry "POL"]

1. d4 d6 2. Nf3 g6 3. g3 Bg7 4. Bg2 Nf6 5. 0-0 0-0 6. c4 c6 7. Nc3 Qa5 8. h3 e5 9. e4 Na6 10. Be3 exd4 11. Nxd4 Re8 12. Re1 Be6 13. Nb3 Qc7 14. Qe2 Nd7 15. Nd4 Nb6 16. Nxe6 Rxe6 17. Rac1 Nc5 18. b4 Nca4 19. Nxa4 Nxa4 20. Qc2 Nb6 21. c5 dxc5 22. Qxc5 Na4 23. Qc4 Rd8 24. Re2 Nb2 25. Qc2 b5 26. Rd2 a5 27. Bf4 Qb6 28. Be3 Qc7 29. Bf4 Qb6 30. Be3 Qc7 31. Bf4 1/2-1/2

[Event "POL-chT 1st League"]
[Site "Poronin"]
[Date "2016.09.11"]
[Round "9.1"]
[White "Lobejko, Rafal"]
[Black "Jaworski, Miroslaw"]
[Result "1/2-1/2"]
[WhiteElo "2320"]
[BlackElo "2263"]
[PlyCount "65"]
[EventDate "2016.09.03"]
[EventType "team-tourn"]
[EventRounds "9"]
[EventCountry "POL"]
[SourceTitle "CBM 174 Extra"]
[Source "ChessBase"]
[SourceDate "2016.10.10"]
[SourceVersion "1"]
[SourceVersionDate "2016.10.10"]
[SourceQuality "1"]
[WhiteTeam "Lublin Drakon"]
[BlackTeam "Raciborz Silesia"]
[WhiteTeamCountry "POL"]
[BlackTeamCountry "POL"]

1. f4 d5 2. Nf3 g6 3. g3 Bg7 4. Bg2 Nf6 5. 0-0 b6 6. c4 e6 7. Nc3 Bb7 8. Ne5 0-0 9. d4 Na6 10. Be3 c5 11. Rc1 cxd4 12. Bxd4 Qe7 13. cxd5 exd5 14. Qa4 Rfc8 15. Rfd1 Ne4 16. Nxd5 Bxd5 17. Qxa6 Rxc1 18. Rxc1 Bb7 19. Qd3 Nc5 20. Qc4 Bxg2 21. Kxg2 Qb7+ 22. Kg1 Ne6 23. Be3 Bxe5 24. fxe5 Rd8 25. Kf2 Kg7 26. Qh4 Qd5 27. Qf6+ Kg8 28. b3 Qd7 29. Qf3 Rc8 30. Rxc8+ Qxc8 31. Qd5 h5 32. a4 Kg7 33. a5 1/2-1/2

[Event "POL-chT1"]
[Site "Poronin"]
[Date "2014.09.05"]
[Round "7.1"]
[White "Lobejko, Rafal"]
[Black "Fraczek, Daniel"]
[Result "1-0"]
[WhiteElo "2323"]
[BlackElo "2421"]
[PlyCount "59"]
[EventDate "2014.08.31"]
[EventType "team-tourn"]
[EventRounds "9"]
[EventCountry "POL"]
[SourceTitle "CBM 162 Extra"]
[Source "ChessBase"]
[SourceDate "2014.10.17"]
[SourceVersion "1"]
[SourceVersionDate "2014.10.17"]
[SourceQuality "1"]
[WhiteTeam "Lublin Drakon SKOK Chmielewskiego"]
[BlackTeam "Legnica Miedz"]
[WhiteTeamCountry "POL"]
[BlackTeamCountry "POL"]

1. Nf3 g6 2. g3 Bg7 3. d4 f5 4. Bg2 Nf6 5. 0-0 0-0 6. c4 d6 7. Nc3 Qe8 8. d5 c5 9. dxc6 bxc6 10. Nd4 Bd7 11. b4 Qf7 12. b5 Qxc4 13. Bb2 e5 14. Nb3 e4 15. Qxd6 cxb5 16. Rac1 Qe6 17. Nxb5 Na6 18. Rfd1 Qxd6 19. Nxd6 Ba4 20. e3 Ne8 21. Ba3 Nec7 22. Bf1 h6 23. Rc4 Bxb3 24. axb3 Rfb8 25. Rc6 Rb6 26. Rdc1 Kh7 27. Rxc7 Nxc7 28. Rxc7 Rxb3 29. Bc5 Rc3 30. Rxg7+ 1-0

[Event "POL-chT1"]
[Site "Poronin"]
[Date "2014.09.04"]
[Round "6.1"]
[White "Sakalauskas, Vaidas"]
[Black "Lobejko, Rafal"]
[Result "1-0"]
[WhiteElo "2390"]
[BlackElo "2323"]
[PlyCount "66"]
[EventDate "2014.08.31"]
[EventType "team-tourn"]
[EventRounds "9"]
[EventCountry "POL"]
[SourceTitle "CBM 162 Extra"]
[Source "ChessBase"]
[SourceDate "2014.10.17"]
[SourceVersion "1"]
[SourceVersionDate "2014.10.17"]
[SourceQuality "1"]
[WhiteTeam "Gniezno LKS Chrobry"]
[BlackTeam "Lublin Drakon SKOK Chmielewskiego"]
[WhiteTeamCountry "POL"]
[BlackTeamCountry "POL"]

1. d4 Nf6 2. c4 e6 3. Nc3 Bb4 4. Qc2 c5 5. dxc5 0-0 6. Nf3 Bxc5 7. Bg5 h6 8. Bh4 Nc6 9. Rd1 Be7 10. e4 a6 11. Be2 Nh5 12. Bxe7 Qxe7 13. Qd2 Nf6 14. 0-0 e5 15. Rfe1 Rb8 16. Bf1 Ne8 17. Nd5 Qd8 18. c5 d6 19. Ne3 Be6 20. cxd6 Bxa2 21. Qc3 f6 22. d7 Nc7 23. b3 Nb5 24. Qc2 Qa5 25. Nc4 Ncd4 26. Nxd4 Nxd4 27. Qb2 Qb4 28. Qxa2 Rfd8 29. Ne3 Rxd7 30. Bc4+ Kh7 31. Nc2 Nxc2 32. Qxc2 Rc8 33. Qe2 Ra8 1-0

[Event "POL-chT1"]
[Site "Poronin"]
[Date "2014.09.03"]
[Round "4.1"]
[White "Stachowiak, Kamil"]
[Black "Lobejko, Rafal"]
[Result "1/2-1/2"]
[WhiteElo "2442"]
[BlackElo "2323"]
[PlyCount "69"]
[EventDate "2014.08.31"]
[EventType "team-tourn"]
[EventRounds "9"]
[EventCountry "POL"]
[SourceTitle "CBM 162 Extra"]
[Source "ChessBase"]
[SourceDate "2014.10.17"]
[SourceVersion "1"]
[SourceVersionDate "2014.10.17"]
[SourceQuality "1"]
[WhiteTeam "Wroclaw Polonia II"]
[BlackTeam "Lublin Drakon SKOK Chmielewskiego"]
[WhiteTeamCountry "POL"]
[BlackTeamCountry "POL"]

1. d4 d6 2. Nf3 g6 3. c4 Bg7 4. Nc3 Nf6 5. e4 0-0 6. Be2 e5 7. 0-0 Nc6 8. d5 Ne7 9. b4 Ne8 10. c5 a5 11. Ba3 axb4 12. Bxb4 dxc5 13. Bxc5 Nd6 14. a4 Bd7 15. a5 Nec8 16. Qb3 f5 17. Nd2 Bh6 18. Nc4 Nxc4 19. Bxc4 Nd6 20. Bd3 Rf7 21. Ra2 Bf8 22. Qb4 fxe4 23. Nxe4 Bf5 24. Nxd6 cxd6 25. Bb6 Qf6 26. Bb5 Rc8 27. Ra3 Bh6 28. Rc3 Rxc3 29. Qxc3 Qh4 30. Qa3 Bf8 31. Be8 Rg7 32. Bb5 Rf7 33. Be8 Rg7 34. Bb5 Rf7 35. Be8 1/2-1/2

[Event "POL-chT1"]
[Site "Poronin"]
[Date "2014.08.31"]
[Round "1.1"]
[White "Lobejko, Rafal"]
[Black "Piesik, Piotr"]
[Result "1/2-1/2"]
[WhiteElo "2323"]
[BlackElo "2231"]
[PlyCount "116"]
[EventDate "2014.08.31"]
[EventType "team-tourn"]
[EventRounds "9"]
[EventCountry "POL"]
[SourceTitle "CBM 162 Extra"]
[Source "ChessBase"]
[SourceDate "2014.10.17"]
[SourceVersion "1"]
[SourceVersionDate "2014.10.17"]
[SourceQuality "1"]
[WhiteTeam "Lublin Drakon SKOK Chmielewskiego"]
[BlackTeam "Czestochowa Hetman"]
[WhiteTeamCountry "POL"]
[BlackTeamCountry "POL"]

1. Nf3 Nf6 2. g3 d5 3. Bg2 g6 4. 0-0 Bg7 5. c4 c6 6. cxd5 cxd5 7. d4 0-0 8. Nc3 Ne4 9. Nxe4 dxe4 10. Ng5 Qxd4 11. Qxd4 Bxd4 12. Nxe4 Nc6 13. Bh6 Rd8 14. Nc3 Be6 15. Rfd1 f6 16. Be3 Bxe3 17. fxe3 Rac8 18. Kf2 Ne5 19. Bxb7 Rxd1 20. Rxd1 Rb8 21. Bd5 Kf7 22. Bxe6+ Kxe6 23. b3 Ng4+ 24. Kg1 Nxe3 25. Rd3 Ng4 26. Rd4 Ne5 27. Ra4 Nc6 28. Ra6 Rb6 29. Rxb6 axb6 30. Kf2 Ke5 31. Ke3 f5 32. Kd3 Kd6 33. Kc4 e6 34. b4 g5 35. a4 h5 36. Nb5+ Ke5 37. Nc3 Kd6 38. Kb5 Kc7 39. a5 bxa5 40. bxa5 Nd4+ 41. Kc4 Nc6 42. Nb5+ Kb7 43. Nd4 Nxa5+ 44. Kb5 e5 45. Nxf5 Nb3 46. e3 Nd2 47. Kc5 g4 48. Ng7 Nf1 49. Nxh5 Nxe3 50. Nf6 Kc8 51. Kd6 Nf1 52. Nxg4 e4 53. Ke5 e3 54. Nxe3 Nxh2 55. Kf4 Kd8 56. Nc4 Ke7 57. Ne5 Ke6 58. Ke4 Nf1 1/2-1/2

[Event "POL-chT1"]
[Site "Szklarska Poreba"]
[Date "2013.09.12"]
[Round "6"]
[White "Lobejko, Rafal"]
[Black "Brodowski, Piotr"]
[Result "0-1"]
[WhiteElo "2343"]
[BlackElo "2435"]
[PlyCount "68"]
[EventDate "2013.09.07"]
[EventType "team-tourn"]
[EventRounds "9"]
[EventCountry "POL"]
[SourceTitle "EXT 2015"]
[Source "ChessBase"]
[SourceDate "2014.11.20"]
[SourceVersion "1"]
[SourceVersionDate "2014.11.20"]
[SourceQuality "1"]
[WhiteTeam "Lublin Drakon"]
[BlackTeam "Warsaw Sharks"]
[WhiteTeamCountry "POL"]
[BlackTeamCountry "POL"]

1. e4 c5 2. Nf3 g6 3. g3 Bg7 4. Bg2 Nc6 5. 0-0 Nf6 6. Re1 d5 7. Nc3 d4 8. Na4 Nd7 9. b3 0-0 10. d3 e5 11. Bg5 f6 12. Bd2 h6 13. Nh4 Kh7 14. Bh3 Ne7 15. b4 c4 16. dxc4 f5 17. exf5 gxf5 18. f3 Nb6 19. Nb2 Be6 20. Qe2 Rc8 21. c5 Nd7 22. Nc4 b6 23. Nd6 bxc5 24. Nhxf5 Nxf5 25. Qe4 Qf6 26. g4 Qg6 27. Nxc8 Rxc8 28. Bf1 c4 29. c3 Nh4 30. Kf2 Rf8 31. Qxg6+ Kxg6 32. f4 Bxg4 33. Kg3 Nf3 34. Kxg4 Nxd2 0-1

[Event "POL-chT1"]
[Site "Szklarska Poreba"]
[Date "2013.09.09"]
[Round "3"]
[White "Lobejko, Rafal"]
[Black "Shkapenko, Pavel"]
[Result "1/2-1/2"]
[WhiteElo "2343"]
[BlackElo "2407"]
[PlyCount "67"]
[EventDate "2013.09.07"]
[EventType "team-tourn"]
[EventRounds "9"]
[EventCountry "POL"]
[SourceTitle "EXT 2015"]
[Source "ChessBase"]
[SourceDate "2014.11.20"]
[SourceVersion "1"]
[SourceVersionDate "2014.11.20"]
[SourceQuality "1"]
[WhiteTeam "Lublin Drakon"]
[BlackTeam "Pultusk Nadnarwianka"]
[WhiteTeamCountry "POL"]
[BlackTeamCountry "POL"]

1. Nf3 Nf6 2. g3 d5 3. Bg2 c6 4. 0-0 Bg4 5. b3 Nbd7 6. Bb2 e6 7. c4 Be7 8. d4 0-0 9. Nbd2 a5 10. a3 Bh5 11. Re1 b5 12. c5 Qc7 13. h3 Rfd8 14. Qc1 h6 15. Qc3 Bg6 16. b4 Ne4 17. Qe3 a4 18. Rad1 f5 19. Ne5 Nxe5 20. dxe5 Nxd2 21. Rxd2 Bh5 22. Qd4 Rf8 23. e3 Rf7 24. g4 Bg6 25. f4 Raf8 26. Bf1 Bh4 27. Red1 fxg4 28. hxg4 Be4 29. Bd3 Bf3 30. Be2 Be4 31. Bd3 Bf3 32. Be2 Be4 33. Bd3 Bf3 34. Be2 1/2-1/2

[Event "POL-chT1"]
[Site "Szklarska Poreba"]
[Date "2013.09.07"]
[Round "1"]
[White "Protaziuk, Grzegorz"]
[Black "Lobejko, Rafal"]
[Result "1-0"]
[WhiteElo "2371"]
[BlackElo "2343"]
[PlyCount "185"]
[EventDate "2013.09.07"]
[EventType "team-tourn"]
[EventRounds "9"]
[EventCountry "POL"]
[SourceTitle "EXT 2015"]
[Source "ChessBase"]
[SourceDate "2014.11.20"]
[SourceVersion "1"]
[SourceVersionDate "2014.11.20"]
[SourceQuality "1"]
[WhiteTeam "Miedzyborow Wrzos"]
[BlackTeam "Lublin Drakon"]
[WhiteTeamCountry "POL"]
[BlackTeamCountry "POL"]

1. d4 Nf6 2. Nf3 c5 3. c3 e6 4. Bf4 Be7 5. e3 0-0 6. h3 b6 7. Nbd2 d5 8. Bd3 Ba6 9. Bxa6 Nxa6 10. Ne5 Qc8 11. 0-0 Qb7 12. Qe2 Rac8 13. a4 Nb8 14. a5 b5 15. dxc5 Bxc5 16. Nb3 Be7 17. a6 Nxa6 18. Nd4 Nb8 19. Qxb5 Qxb5 20. Nxb5 a6 21. Nd4 Rfd8 22. Nd3 Bd6 23. Ra5 Ne4 24. Rfa1 g5 25. Bxd6 Rxd6 26. Nb3 Rb6 27. Nb4 Nd6 28. Rc5 Rd8 29. Na5 Kg7 30. Ra2 Nb7 31. Nxb7 Rxb7 32. Rca5 Rd6 33. Nd3 Rbb6 34. Nc5 h6 35. Kf1 Rdc6 36. Ke2 Kf6 37. e4 dxe4 38. Nxe4+ Ke7 39. Nc5 Rd6 40. Ne4 Rdc6 41. Nc5 Rd6 42. b4 Rbc6 43. Ne4 Rd8 44. Rc5 Rxc5 45. Nxc5 Rd6 46. Ke3 f5 47. g3 Kf6 48. f4 e5 49. fxe5+ Kxe5 50. Nd3+ Kd5 51. Ra5+ Kc4 52. Rc5+ Kb3 53. Nc1+ Kc2 54. Ne2 Rd3+ 55. Kf2 f4 56. gxf4 gxf4 57. c4 Rxh3 58. Nxf4 Rb3 59. Nd5 Nd7 60. Ra5 Ne5 61. Rxa6 Nxc4 62. Rxh6 Rd3 63. Rh5 Kb3 64. b5 Nd6 65. b6 Kc4 66. Ne3+ Kd4 67. Nc2+ Kc4 68. Ke2 Rb3 69. Ne3+ Kd4 70. Rd5+ Ke4 71. Rxd6 Rxe3+ 72. Kd2 Rb3 73. Kc2 Rb5 74. Kc3 Ke5 75. Rh6 Rb1 76. Kc4 Rc1+ 77. Kb5 Kd5 78. Ka6 Ra1+ 79. Kb7 Rg1 80. Kb8 Kc5 81. Kb7 Rg2 82. Ka7 Ra2+ 83. Kb8 Rg2 84. Kc7 Rg7+ 85. Kc8 Rg8+ 86. Kb7 Rg1 87. Rh7 Kd6 88. Rc7 Rh1 89. Kb8 Rh8+ 90. Rc8 Rh1 91. b7 Kd7 92. Rc4 Ra1 93. Rd4+ 1-0

[Event "POL-chT 1st League"]
[Site "Poronin"]
[Date "2012.09.02"]
[Round "2"]
[White "Antoniewski, Rafal"]
[Black "Lobejko, Rafal"]
[Result "1-0"]
[WhiteElo "2541"]
[BlackElo "2355"]
[PlyCount "85"]
[EventDate "2012.09.01"]
[EventType "team-tourn"]
[EventRounds "9"]
[EventCountry "POL"]
[SourceTitle "EXT 2013"]
[Source "ChessBase"]
[SourceDate "2012.11.22"]
[SourceVersion "1"]
[SourceVersionDate "2012.11.22"]
[SourceQuality "1"]
[WhiteTeam "Kozuchow Odrodzenie"]
[BlackTeam "Lublin Drakon SKOK Chmielewskiego"]
[WhiteTeamCountry "POL"]
[BlackTeamCountry "POL"]

1. e4 e5 2. Nf3 d6 3. d4 Nd7 4. Nc3 c6 5. a4 Ngf6 6. Bc4 Be7 7. 0-0 0-0 8. Re1 b6 9. Ba2 Bb7 10. Nh4 g6 11. Nf3 Kg7 12. h3 a6 13. dxe5 dxe5 14. Qd2 Ng8 15. Rd1 Bc8 16. Ne2 Qc7 17. Qc3 a5 18. Ng3 Bb4 19. Qe3 h6 20. Bc4 Re8 21. Qe2 Nf8 22. b3 Ne6 23. Bb2 Nf4 24. Qe3 f6 25. Ne2 Bc5 26. Qd2 Ne6 27. Ng3 Ra7 28. Qe1 Rd8 29. c3 Qe7 30. Rxd8 Qxd8 31. b4 axb4 32. cxb4 Bd4 33. Nxd4 Nxd4 34. Qc3 Ne7 35. a5 c5 36. bxc5 Rxa5 37. cxb6 Rxa1+ 38. Bxa1 Qxb6 39. Qa3 Nec6 40. Qd6 Qa7 41. Bb2 Qd7 42. Qa3 h5 43. Nxh5+ 1-0

[Event "POL-chT 1st League"]
[Site "Poronin"]
[Date "2012.09.??"]
[Round "7"]
[White "Maciejczak, Jakub"]
[Black "Lobejko, Rafal"]
[Result "0-1"]
[WhiteElo "2360"]
[BlackElo "2355"]
[PlyCount "96"]
[EventDate "2012.09.01"]
[EventType "team-tourn"]
[EventRounds "9"]
[EventCountry "POL"]
[SourceTitle "EXT 2013"]
[Source "ChessBase"]
[SourceDate "2012.11.22"]
[SourceVersion "1"]
[SourceVersionDate "2012.11.22"]
[SourceQuality "1"]
[WhiteTeam "Ostrow Wielkopolski"]
[BlackTeam "Lublin Drakon SKOK Chmielewskiego"]
[WhiteTeamCountry "POL"]
[BlackTeamCountry "POL"]

1. e4 c5 2. Nc3 Nc6 3. g3 g6 4. Bg2 Bg7 5. d3 d6 6. f4 e6 7. Nf3 Nge7 8. 0-0 0-0 9. Be3 b6 10. Rb1 Bb7 11. Ne2 e5 12. c4 Qd7 13. fxe5 dxe5 14. a3 Rad8 15. Ne1 f5 16. Nc3 Nd4 17. Nd5 Nxd5 18. exd5 f4 19. Bxd4 exd4 20. g4 Rde8 21. Bf3 Bc8 22. Ng2 h5 23. h3 Re5 24. b4 Qe7 25. bxc5 Qxc5 26. a4 hxg4 27. hxg4 Bd7 28. Re1 Rxe1+ 29. Qxe1 g5 30. Qe4 Qd6 31. Re1 Re8 32. Qxe8+ Bxe8 33. Rxe8+ Kf7 34. Re6 Qb4 35. Be4 Bf6 36. Rc6 Be5 37. Re6 Bf6 38. Rc6 Qb1+ 39. Kf2 Qc2+ 40. Kf1 f3 41. Bxf3 Qxd3+ 42. Kf2 Qc2+ 43. Kf1 d3 44. Ne3 Qc1+ 45. Nd1 Qf4 46. Kf2 Bd4+ 47. Kg2 Qd2+ 48. Kf1 Qh2 0-1

[Event "Trinec op"]
[Site "Trinec"]
[Date "2002.01.02"]
[Round "9"]
[White "Simacek, Pavel"]
[Black "Lobejko, Rafal"]
[Result "1-0"]
[WhiteElo "2402"]
[BlackElo "2344"]
[PlyCount "163"]
[EventDate "2001.12.27"]
[EventType "swiss"]
[EventRounds "9"]
[EventCountry "CZE"]
[SourceTitle "EXT 2003"]
[Source "ChessBase"]
[SourceDate "2002.11.25"]
[SourceVersion "1"]
[SourceVersionDate "2002.11.25"]
[SourceQuality "1"]

1. e4 d6 2. d4 Nf6 3. Nc3 g6 4. Be3 Bg7 5. Be2 0-0 6. g4 e5 7. g5 Ng4 8. Bxg4 Bxg4 9. Qxg4 exd4 10. Bxd4 Bxd4 11. Nge2 Bg7 12. h4 f5 13. gxf6 Qxf6 14. f4 Nc6 15. 0-0-0 Rae8 16. h5 Nb4 17. hxg6 hxg6 18. e5 Qf5 19. Qxf5 Rxf5 20. a3 Nc6 21. exd6 cxd6 22. Rxd6 g5 23. Rh5 Bf6 24. fxg5 Rxg5 25. Rxg5+ Bxg5+ 26. Kb1 Kf7 27. b4 a6 28. Ka2 Rd8 29. Ne4 Be7 30. Rxd8 Nxd8 31. Nf4 Nc6 32. Kb3 a5 33. Nd5 axb4 34. axb4 Nd4+ 35. Kc3 Nxc2 36. Kxc2 Bxb4 37. Nxb4 Ke6 38. Kd3 Ke5 39. Nc3 b5 40. Ncd5 Ke6 41. Ke4 Kd6 42. Nf4 Kc5 43. Nfd3+ Kd6 44. Kf5 Kc7 45. Nc5 Kd6 46. Ne6 Kd7 47. Ke5 Ke7 48. Nc5 Kf7 49. Ne4 Ke7 50. Nf6 Kf7 51. Nfd5 Kg6 52. Kf4 Kg7 53. Kg5 Kf7 54. Kf5 Kg7 55. Nf4 Kf7 56. Ng6 Kg7 57. Ne5 Kh6 58. Kg4 Kh7 59. Kh5 Kg7 60. Kg5 Kh7 61. Ng4 Kg7 62. Nh6 Kf8 63. Kf6 Ke8 64. Ke6 Kd8 65. Nf5 Kc7 66. Nd4 Kb6 67. Nb3 Kc7 68. Ke7 Kc8 69. Nc5 Kc7 70. Nd7 Kc8 71. Nf6 Kc7 72. Nfd5+ Kc8 73. Kd6 Kd8 74. Nc7 Kc8 75. Ne6 Kb7 76. Kc5 Kc8 77. Kc6 Kb8 78. Nc5 Kc8 79. Nb7 Kb8 80. Nd6 Ka8 81. Kc7 Ka7 82. Nc8+ 1-0

[Event "Trinec op"]
[Site "Trinec"]
[Date "2002.01.01"]
[Round "8"]
[White "Lobejko, Rafal"]
[Black "Splosnov, Sergei"]
[Result "1/2-1/2"]
[WhiteElo "2344"]
[BlackElo "2400"]
[PlyCount "29"]
[EventDate "2001.12.27"]
[EventType "swiss"]
[EventRounds "9"]
[EventCountry "CZE"]
[SourceTitle "EXT 2003"]
[Source "ChessBase"]
[SourceDate "2002.11.25"]
[SourceVersion "1"]
[SourceVersionDate "2002.11.25"]
[SourceQuality "1"]

1. Nf3 d5 2. g3 c6 3. Bg2 Bg4 4. 0-0 Nd7 5. d4 Ngf6 6. Nbd2 Bxf3 7. exf3 e6 8. f4 Bd6 9. c4 0-0 10. b3 Re8 11. Bb2 Bb4 12. Nf3 Ne4 13. Qe2 Bf8 14. Ne5 f5 15. Nd3 1/2-1/2

[Event "Trinec op"]
[Site "Trinec"]
[Date "2001.12.31"]
[Round "7"]
[White "Babula, Milan"]
[Black "Lobejko, Rafal"]
[Result "1/2-1/2"]
[WhiteElo "2343"]
[BlackElo "2344"]
[PlyCount "97"]
[EventDate "2001.12.27"]
[EventType "swiss"]
[EventRounds "9"]
[EventCountry "CZE"]
[SourceTitle "EXT 2003"]
[Source "ChessBase"]
[SourceDate "2002.11.25"]
[SourceVersion "1"]
[SourceVersionDate "2002.11.25"]
[SourceQuality "1"]

1. e4 d6 2. d4 Nf6 3. Nc3 g6 4. Nf3 Bg7 5. Be2 0-0 6. 0-0 c6 7. a4 Qc7 8. h3 e5 9. dxe5 dxe5 10. Bc4 Nh5 11. Be3 Nf4 12. Qb1 Qe7 13. Re1 Be6 14. Qa2 Na6 15. Bxe6 Nxe6 16. Rad1 Rfd8 17. Rxd8+ Rxd8 18. Bxa7 Nd4 19. Bxd4 exd4 20. Nb1 Qb4 21. c3 dxc3 22. Nxc3 Bxc3 23. bxc3 Qxc3 24. e5 Nc5 25. Qb1 Qb3 26. Qxb3 Nxb3 27. e6 fxe6 28. Rxe6 Nc5 29. Re7 Rd7 30. Re8+ Kf7 31. Ra8 Kf6 32. Rf8+ Ke6 33. Ng5+ Kd5 34. Rf4 Ne6 35. Nxe6 Kxe6 36. Kf1 Ke5 37. Rb4 c5 38. Rb5 Kd4 39. Ke2 c4 40. Kd2 c3+ 41. Kc1 Kd3 42. f4 Rf7 43. g3 Kc4 44. Rb6 Re7 45. a5 Rc7 46. Kc2 Rd7 47. g4 Rd2+ 48. Kc1 Rd7 49. Kc2 1/2-1/2

[Event "POL-chT 57th"]
[Site "Glogow"]
[Date "2001.09.13"]
[Round "6"]
[White "Sciborowski, Miroslaw"]
[Black "Lobejko, Rafal"]
[Result "0-1"]
[WhiteElo "2216"]
[BlackElo "2353"]
[PlyCount "116"]
[EventDate "2001.09.08"]
[EventType "team-tourn"]
[EventRounds "9"]
[EventCountry "POL"]
[SourceTitle "EXT 2019"]
[Source "ChessBase"]
[SourceDate "2018.10.10"]
[SourceVersion "1"]
[SourceVersionDate "2018.10.10"]
[SourceQuality "1"]
[WhiteTeam "Swiecie Gambit"]
[BlackTeam "Lublin UMCS"]
[WhiteTeamCountry "POL"]
[BlackTeamCountry "POL"]

1. d4 Nf6 2. Nf3 g6 3. g3 Bg7 4. Bg2 0-0 5. 0-0 d6 6. b3 c6 7. Bb2 Qa5 8. Nbd2 Qh5 9. e4 Bg4 10. Re1 Nbd7 11. e5 dxe5 12. dxe5 Nd5 13. Qe2 Bh3 14. Qf1 Bxg2 15. Kxg2 Rad8 16. Re4 g5 17. h3 h6 18. Bd4 Qg6 19. Rae1 Nc7 20. a4 b6 21. Be3 Ne6 22. h4 g4 23. Nd4 Ndc5 24. Nxe6 Nxe4 25. Nxf8 Kxf8 26. Nc4 b5 27. axb5 cxb5 28. Rd1 Rc8 29. Na3 Nc3 30. Re1 b4 31. Nc4 Qxc2 32. Na5 Qg6 33. Kh2 Kg8 34. Bd4 Qf5 35. Qa6 Rd8 36. Nc6 Qe6 37. Qa5 Rd7 38. Qxb4 Qxc6 39. Bxc3 Rd3 40. Bd4 a5 41. Qb8+ Kh7 42. Qa7 Qf3 43. Kg1 e6 44. Be3 Bxe5 45. Bf4 Bg7 46. Qxf7 Rd2 47. Rf1 Re2 48. h5 Qe4 49. Bd6 Qf5 50. Qxf5+ exf5 51. Rd1 Be5 52. Bc5 Kg7 53. Rd7+ Kf6 54. Ra7 Ra2 55. Be3 Ke6 56. b4 Ra1+ 57. Kg2 axb4 58. Rb7 Rb1 0-1